000 00711nam a2200229 a 4500
001 000047137
003 DO-SdBNP
005 20230417093253.0
007 ta
008 180417s2015 xxug 000 0 spa d
020 _a9790580290199
040 _aDO-SdBNP
_bspa
_cBNPHU
082 4 _bS285d
_222
100 1 _aScarfullery, Rafael
_974923
245 1 0 _aDominican suite :
_bfor solo guitar /
_cRafael Scarfullery.
260 _aEstados Unidos de América :
_bScarfullery Music,
_c2015.
300 _a8 p. :
_bil. ;
_c28 cm.
500 _aIncluye datos del autor
505 0 _aVals criollo --
_tCriolla --
_tRecuerdos --
_tBaile --
_tMedia tuna--
_tAlegría.
590 _aInventariado, 2018/LP
942 _2ddc
_cLF2
999 _c46625
_d46625